header

Fallout (Record no. 156149)

MARC details
000 -LEADER
fixed length control field 01449nam a2200349 a 4500
082 04 - DEWEY DECIMAL CLASSIFICATION NUMBER
Classification number 363.17/99/0994238
100 1# - MAIN ENTRY--AUTHOR NAME
Personal name Cross, Roger.
245 10 - TITLE STATEMENT
Title Fallout
260 ## - PUBLICATION, DISTRIBUTION, ETC. (IMPRINT)
Place of publication Kent Town, S. Aust. :
Name of publisher Wakefield Press,
Year of publication c2001.
300 ## - PHYSICAL DESCRIPTION
Number of Pages xii, 226 p. :
Other physical details ill.
650 #0 - SUBJECT ADDED ENTRY--TOPICAL TERM
Topical Term Nuclear weapons
Topical Term Nuclear weapons
Topical Term Nuclear weapons
Topical Term Radioactive fallout
Topical Term Radioactive pollution
856 40 - ELECTRONIC LOCATION AND ACCESS
Uniform Resource Identifier http://site.ebrary.com/lib/rucke/Doc?id=10040264

No items available.

© 2026 Rongo University
Contact us: librarian | system librarian | Rongo university